Địa lí kinh tế - xã hội Việt Nam : Thời kì hội nhập
Tài liệu nghiên cứu sự hình thành và phát triển các hệ thống lãnh thổ kinh tế - xã hội nói chung và nghiên cứu những điều kiện, đặc điểm phát triển kinh tế - xã hội của từng vùng, từng nước nói riêng, từ đó làm cơ sở cho tổ chức...
Wedi'i Gadw mewn:
| Prif Awdur: | |
|---|---|
| Fformat: | Llyfr |
| Iaith: | Undetermined |
| Cyhoeddwyd: |
Vĩnh Long
Đại học Cửu Long
2009
|
| Tagiau: |
Ychwanegu Tag
Dim Tagiau, Byddwch y cyntaf i dagio'r cofnod hwn!
|
| Thư viện lưu trữ: | Trung tâm Học liệu Trường Đại học Cần Thơ |
|---|
| LEADER | 01188nam a2200217Ia 4500 | ||
|---|---|---|---|
| 001 | CTU_156539 | ||
| 008 | 210402s9999 xx 000 0 und d | ||
| 082 | |a 330.9597 | ||
| 082 | |b Ph105 | ||
| 100 | |a Đặng, Văn Phan | ||
| 245 | 0 | |a Địa lí kinh tế - xã hội Việt Nam : | |
| 245 | 0 | |b Thời kì hội nhập | |
| 245 | 0 | |c Đặng Văn Phan | |
| 260 | |a Vĩnh Long | ||
| 260 | |b Đại học Cửu Long | ||
| 260 | |c 2009 | ||
| 520 | |a Tài liệu nghiên cứu sự hình thành và phát triển các hệ thống lãnh thổ kinh tế - xã hội nói chung và nghiên cứu những điều kiện, đặc điểm phát triển kinh tế - xã hội của từng vùng, từng nước nói riêng, từ đó làm cơ sở cho tổ chức không gian hợp lí các hoạt động kinh tế - xã hội phù hợp với nguồn lực phát triển của Việt Nam. | ||
| 526 | |a Phát triển kinh tế vùng và địa phương | ||
| 526 | |b KT737 | ||
| 904 | |i Bạch Trúc | ||
| 980 | |a Trung tâm Học liệu Trường Đại học Cần Thơ | ||